000 00738nam a2200217 i 4500
001 183052
003 ES-MaACL
005 20231218145240.0
008 140114s2013 sp | |||||||| | spa d
020 _a978-84-9946-238-7
080 _a821.134.2-14"19"
100 1 _aGracia Menocal, Juan Manuel,
_d-2021
_9138400
245 1 3 _aLa mar, siempre la mar /
_cJuan Manuel Gracia Menocal.
250 _a1ª ed.
260 _aMadrid :
_bEdición Personal,
_c2013.
300 _a74 p. ;
_c21 cm.
852 _aES-MaACL
_jA-13004
_9189986
_bR.149099
_cDEPO1
_dOlim: N-6004
_xDonación: Juan Manuel Gracia Menocal
903 _aGracia Menocal, Juan Manuel,
_d-2021
_ednr
_9138400
942 _2udc
_cMONOGRAFIA
999 _c183052
_d183052